| 000 | 00802nam a22002535i 4500 | ||
|---|---|---|---|
| 001 | 11544 | ||
| 003 | ES-MaACL | ||
| 005 | 20230906150126.0 | ||
| 007 | t| | ||
| 008 | 941020s1994 sp ||||0| spa d | ||
| 020 | _a84-86785-19-7 | ||
| 040 |
_aM-BN _bspa _cM-BN |
||
| 080 | _a331.105.44(4-672 CE) | ||
| 100 | 1 |
_aRul-lán Buades, Gaspar. _9100973 |
|
| 245 | 1 | 4 |
_aLos sindicatos en los países de la Unión Europea / _cGaspar Ru-lán Buades. |
| 260 |
_aCórdoba : _bETEA, _cD.L. 1994. |
||
| 300 |
_aVII, 454 p : _bgráf ; _c21 cm. |
||
| 490 | 1 |
_aColección Textos ; _v9 |
|
| 504 | _aBibliografía: p. 441-450. | ||
| 650 | 1 | 4 |
_aSindicatos- _zPaíses de la Unión Europea. _917123 |
| 830 | 0 |
_aColección Textos ; _v9 _9180523 |
|
| 852 |
_aES-MaACL _jL-18850 _bR.124705 |
||
| 999 |
_c11544 _d11544 |
||